| 000 | 00366nam a22001337a 4500 | ||
|---|---|---|---|
| 008 | 190712b xxu||||| |||| 00| 0 eng d | ||
| 050 |
_aPZ 7 _b.R686Val 2001 |
||
| 100 | _aEmily Rodda | ||
| 245 |
_aThe Shifting sands/ 680 _cEmily Rodda |
||
| 260 |
_aNew York: _bScholastic Inc. _c2001. |
||
| 300 |
_a131 p. ; _c190 cm. |
||
| 440 | _aDeltora Quest | ||
| 942 |
_2lcc _cBK |
||
| 999 |
_c361962 _d361962 |
||